[Event "English Womens Championships 2024"]
[Site "Kenilworth, United Kingdom"]
[Date "2024.06.21"]
[Round "3.9"]
[White "Ravi, Vash"]
[Black "Agarwal, Amaya"]
[Result "1/2-1/2"]
[TimeControl "G:90 minutes + 30 seconds added per move"]
[WhiteFideId "343404901"]
[BlackFideId "48733580"]
[WhiteElo "1750"]
[BlackElo "1718"]

1. d4 {[%emt 01:19:37]} d5 {[%clk 01:30:54]} 2. c4 {[%clk 01:31:26]} {[%emt
00:00:03]} e6 {[%clk 01:31:17]} {[%emt 00:00:07]} 3. Nc3 {[%clk 01:31:50]}
{[%emt 00:00:05]} Be7 {[%clk 01:31:43]} {[%emt 00:00:04]} 4. Nf3 {[%clk
01:31:17]} {[%emt 00:01:03]} Nf6 {[%clk 01:32:06]} {[%emt 00:00:07]} 5. cxd5
{[%clk 01:30:56]} {[%emt 00:00:50]} exd5 {[%clk 01:31:51]} {[%emt 00:00:46]} 6.
Bf4 {[%clk 01:30:54]} {[%emt 00:00:32]} O-O {[%clk 01:30:39]} {[%emt 00:01:42]}
7. e3 {[%clk 01:30:13]} {[%emt 00:01:11]} c6 {[%clk 01:22:18]} {[%emt
00:08:51]} 8. Qc2 {[%clk 01:30:15]} {[%emt 00:00:28]} Bg4 {[%clk 01:19:06]}
{[%emt 00:03:41]} 9. Nd2 {[%clk 01:29:33]} {[%emt 00:01:13]} Nbd7 {[%clk
01:16:32]} {[%emt 00:03:04]} 10. Bd3 {[%clk 01:29:00]} {[%emt 00:01:02]} Bh5
{[%clk 01:15:46]} {[%emt 00:01:17]} 11. g4 {[%clk 01:15:58]} {[%emt 00:13:33]}
Bxg4 {[%clk 01:04:56]} {[%emt 00:11:19]} 12. Rg1 {[%clk 01:16:13]} {[%emt
00:00:15]} Bh5 {[%clk 00:59:00]} {[%emt 00:06:26]} 13. Bh6 {[%clk 01:13:53]}
{[%emt 00:02:50]} Bg6 {[%clk 00:59:03]} {[%emt 00:00:28]} 14. Bxg6 {[%clk
01:11:20]} {[%emt 00:03:02]} fxg6 {[%clk 00:58:44]} {[%emt 00:00:49]} 15. Bg5
{[%clk 01:10:35]} {[%emt 00:01:16]} b6 {[%clk 00:40:13]} {[%emt 00:19:01]} 16.
Qb3 {[%clk 01:05:32]} {[%emt 00:05:32]} Nh5 {[%clk 00:33:21]} {[%emt 00:07:22]}
17. h4 {[%clk 01:04:15]} {[%emt 00:01:47]} Qe8 {[%clk 00:21:15]} {[%emt
00:12:37]} 18. Bxe7 {[%clk 00:55:51]} {[%emt 00:08:54]} Qxe7 {[%clk 00:21:38]}
{[%emt 00:00:07]} 19. O-O-O {[%clk 00:56:01]} {[%emt 00:00:19]} Kh8 {[%clk
00:10:09]} {[%emt 00:12:00]} 20. Rdf1 {[%clk 00:50:46]} {[%emt 00:05:45]} Rf7
{[%clk 00:09:16]} {[%emt 00:01:23]} 21. Ne2 {[%clk 00:47:13]} {[%emt 00:04:02]}
Raf8 {[%clk 00:08:19]} {[%emt 00:01:27]} 22. f3 {[%clk 00:47:23]} {[%emt
00:00:20]} Nhf6 {[%clk 00:04:29]} {[%emt 00:04:21]} 23. Nf4 {[%clk 00:46:10]}
{[%emt 00:01:43]} Re8 {[%clk 00:03:38]} {[%emt 00:01:21]} 24. e4 {[%clk
00:44:17]} {[%emt 00:02:22]} dxe4 {[%clk 00:02:40]} {[%emt 00:01:29]} 25. fxe4
{[%clk 00:44:34]} {[%emt 00:00:12]} c5 {[%clk 00:01:45]} {[%emt 00:01:25]} 26.
e5 {[%clk 00:43:49]} {[%emt 00:01:14]} c4 {[%clk 00:00:36]} {[%emt 00:01:40]}
27. Nxc4 {[%clk 00:43:12]} {[%emt 00:01:06]} Nh5 {[%clk 00:00:33]} {[%emt
00:00:33]} 28. e6 {[%clk 00:43:09]} {[%emt 00:00:33]} Rxf4 {[%clk 00:00:50]}
{[%emt 00:00:13]} 29. exd7 {[%clk 00:42:26]} {[%emt 00:01:14]} Rxf1+ {[%clk
00:01:18]} {[%emt 00:00:02]} 30. Rxf1 {[%clk 00:42:31]} {[%emt 00:00:25]} Qxd7
{[%clk 00:01:44]} {[%emt 00:00:04]} 31. Qf3 {[%clk 00:42:22]} {[%emt 00:00:38]}
Nf6 {[%clk 00:01:48]} {[%emt 00:00:26]} 32. Qd3 {[%clk 00:32:15]} {[%emt
00:10:37]} b5 {[%clk 00:01:27]} {[%emt 00:00:52]} 33. Ne3 {[%clk 00:31:35]}
{[%emt 00:01:09]} Qe6 {[%clk 00:01:34]} {[%emt 00:00:23]} 34. Nc2 {[%clk
00:30:16]} {[%emt 00:01:49]} Qxa2 {[%clk 00:01:32]} {[%emt 00:00:32]} 35. Qxb5
{[%clk 00:30:07]} {[%emt 00:00:38]} Qe6 {[%clk 00:01:54]} {[%emt 00:00:09]} 36.
Re1 {[%clk 00:27:04]} {[%emt 00:03:33]} Qd7 {[%clk 00:01:47]} {[%emt 00:00:33]}
37. Rxe8+ {[%clk 00:25:39]} {[%emt 00:02:00]} Qxe8 {[%clk 00:02:13]} {[%emt
00:00:04]} 38. Qc5 {[%clk 00:24:32]} {[%emt 00:01:37]} a6 {[%clk 00:01:23]}
{[%emt 00:01:20]} 39. d5 {[%clk 00:22:56]} {[%emt 00:02:06]} Qd8 {[%clk
00:01:33]} {[%emt 00:00:20]} 40. d6 {[%clk 00:21:06]} {[%emt 00:02:20]} Qa8
{[%clk 00:00:39]} {[%emt 00:01:24]} 41. b3 {[%clk 00:19:56]} {[%emt 00:01:40]}
Qh1+ {[%clk 00:01:00]} {[%emt 00:00:09]} 42. Kb2 {[%clk 00:20:17]} {[%emt
00:00:09]} Qa8 {[%clk 00:00:50]} {[%emt 00:00:36]} 43. Qc7 {[%clk 00:20:28]}
{[%emt 00:00:23]} Qe8 {[%clk 00:01:14]} {[%emt 00:00:05]} 44. Qe7 {[%clk
00:19:38]} {[%emt 00:01:20]} Qxe7 {[%clk 00:01:02]} {[%emt 00:00:43]} 45. dxe7
{[%clk 00:20:04]} {[%emt 00:00:04]} Kg8 {[%clk 00:01:27]} {[%emt 00:00:06]} 46.
Nb4 {[%clk 00:20:24]} {[%emt 00:00:10]} Kf7 {[%clk 00:01:44]} {[%emt 00:00:13]}
47. Nxa6 {[%clk 00:20:33]} {[%emt 00:00:19]} Kxe7 {[%clk 00:02:11]} {[%emt
00:00:04]} 48. Nc5 {[%clk 00:17:51]} {[%emt 00:03:12]} Kd6 {[%clk 00:02:22]}
{[%emt 00:00:19]} 49. Nd3 {[%clk 00:17:57]} {[%emt 00:00:24]} Nd5 {[%clk
00:02:07]} {[%emt 00:00:44]} 50. Kc1 {[%clk 00:15:47]} {[%emt 00:02:39]} Ke6
{[%clk 00:01:30]} {[%emt 00:01:08]} 51. Nc5+ {[%clk 00:15:08]} {[%emt
00:01:09]} Kf5 {[%clk 00:01:46]} {[%emt 00:00:12]} 52. Kd2 {[%clk 00:14:49]}
{[%emt 00:00:51]} Kg4 {[%clk 00:01:36]} {[%emt 00:00:41]} 53. Ne6 {[%clk
00:14:59]} {[%emt 00:00:18]} Kxh4 {[%clk 00:01:57]} {[%emt 00:00:10]} 54. Nxg7
{[%clk 00:15:17]} {[%emt 00:00:11]} h5 {[%clk 00:01:47]} {[%emt 00:00:41]} 55.
Ke2 {[%clk 00:15:13]} {[%emt 00:00:34]} Kg4 {[%clk 00:01:39]} {[%emt 00:00:38]}
56. Kf2 {[%clk 00:14:56]} {[%emt 00:00:47]} g5 {[%clk 00:01:39]} {[%emt
00:00:31]} 57. Kg2 {[%clk 00:14:49]} {[%emt 00:00:36]} h4 {[%clk 00:01:58]}
{[%emt 00:00:10]} 58. Ne6 {[%clk 00:15:03]} {[%emt 00:00:16]} Ne3+ {[%clk
00:01:33]} {[%emt 00:00:56]} 59. Kh2 {[%clk 00:15:01]} {[%emt 00:00:32]} Nf1+
{[%clk 00:01:18]} {[%emt 00:00:45]} 60. Kg1 {[%clk 00:13:35]} {[%emt 00:01:55]}
Nd2 {[%clk 00:01:30]} {[%emt 00:00:18]} 61. b4 {[%clk 00:13:54]} {[%emt
00:00:12]} h3 {[%clk 00:01:20]} {[%emt 00:00:40]} 62. b5 {[%clk 00:14:07]}
{[%emt 00:00:17]} Nc4 {[%clk 00:01:37]} {[%emt 00:00:13]} 63. Kh2 {[%clk
00:14:00]} {[%emt 00:00:36]} Kh4 {[%clk 00:00:46]} {[%emt 00:01:22]} 64. Nxg5
{[%clk 00:13:00]} {[%emt 00:01:31]} Kxg5 {[%clk 00:01:01]} {[%emt 00:00:15]} 65.
Kxh3 {[%clk 00:13:23]} {[%emt 00:00:06]} Ne5 {[%emt 00:00:33]} 1/2-1/2

[Event "English Womens Championships 2024"]
[Site "Kenilworth, United Kingdom"]
[Date "2024.06.21"]
[Round "3.10"]
[White "Catabay, Mae C"]
[Black "Hardwick, Alexandra"]
[Result "1-0"]
[TimeControl "G:90 minutes + 30 seconds added per move"]
[WhiteFideId "484768"]
[BlackFideId "422355"]
[WhiteElo "1773"]
[BlackElo "1813"]

1. d4 {[%clk 01:30:48]} {[%emt 00:00:11]} Nf6 {[%clk 01:29:33]} {[%emt
00:01:27]} 2. Bf4 {[%clk 01:30:28]} {[%emt 00:00:51]} d5 {[%clk 01:29:58]}
{[%emt 00:00:05]} 3. Nf3 {[%clk 01:30:35]} {[%emt 00:00:22]} c5 {[%clk
01:30:27]} {[%emt 00:00:02]} 4. e3 {[%clk 01:29:26]} {[%emt 00:01:40]} Nc6
{[%clk 01:30:55]} {[%emt 00:00:02]} 5. Nbd2 {[%clk 01:27:03]} {[%emt 00:02:53]}
Qb6 {[%clk 01:28:24]} {[%emt 00:03:01]} 6. dxc5 {[%clk 01:21:57]} {[%emt
00:05:36]} Qxb2 {[%clk 01:27:54]} {[%emt 00:01:01]} 7. Nb3 {[%clk 01:17:35]}
{[%emt 00:04:51]} Qc3+ {[%clk 01:21:38]} {[%emt 00:06:46]} 8. Qd2 {[%clk
01:14:21]} {[%emt 00:03:43]} Qxd2+ {[%clk 01:21:09]} {[%emt 00:00:59]} 9. Nfxd2
{[%clk 01:13:12]} {[%emt 00:01:39]} g6 {[%clk 01:21:26]} {[%emt 00:00:13]} 10.
Bd3 {[%clk 01:11:48]} {[%emt 00:01:54]} Bg7 {[%clk 01:21:48]} {[%emt 00:00:08]}
11. Rb1 {[%clk 01:10:15]} {[%emt 00:02:02]} e5 {[%clk 01:21:17]} {[%emt
00:01:01]} 12. Bg3 {[%clk 01:10:04]} {[%emt 00:00:41]} O-O {[%clk 01:15:58]}
{[%emt 00:05:50]} 13. O-O {[%clk 01:08:11]} {[%emt 00:02:23]} Nh5 {[%clk
01:13:52]} {[%emt 00:02:36]} 14. Bh4 {[%clk 01:04:22]} {[%emt 00:04:18]} e4
{[%clk 01:13:49]} {[%emt 00:00:33]} 15. Bb5 {[%clk 01:02:59]} {[%emt 00:01:54]}
Be6 {[%clk 01:05:22]} {[%emt 00:08:57]} 16. Bxc6 {[%clk 01:00:32]} {[%emt
00:02:56]} bxc6 {[%clk 01:05:50]} {[%emt 00:00:02]} 17. Nd4 {[%clk 00:59:58]}
{[%emt 00:01:04]} Bd7 {[%clk 01:04:35]} {[%emt 00:01:45]} 18. Be7 {[%clk
00:54:39]} {[%emt 00:05:49]} Rfc8 {[%clk 01:03:28]} {[%emt 00:01:37]} 19. Rb7
{[%clk 00:53:28]} {[%emt 00:01:41]} Be8 {[%clk 00:57:39]} {[%emt 00:06:20]} 20.
Rfb1 {[%clk 00:51:21]} {[%emt 00:02:35]} Be5 {[%clk 00:57:31]} {[%emt
00:00:38]} 21. Bd6 {[%clk 00:46:20]} {[%emt 00:05:33]} Bf6 {[%clk 00:51:57]}
{[%emt 00:06:04]} 22. g4 {[%clk 00:43:13]} {[%emt 00:03:37]} Ng7 {[%clk
00:51:47]} {[%emt 00:00:40]} 23. R1b3 {[%clk 00:38:58]} {[%emt 00:04:44]} Ne6
{[%clk 00:47:50]} {[%emt 00:04:27]} 24. Nxe6 {[%clk 00:33:01]} {[%emt
00:06:26]} fxe6 {[%clk 00:46:17]} {[%emt 00:02:04]} 25. f3 {[%clk 00:31:51]}
{[%emt 00:01:39]} exf3 {[%clk 00:41:37]} {[%emt 00:05:10]} 26. Nxf3 {[%clk
00:31:58]} {[%emt 00:00:24]} g5 {[%clk 00:41:18]} {[%emt 00:00:49]} 27. Nd4
{[%clk 00:28:12]} {[%emt 00:04:17]} Bxd4 {[%clk 00:31:24]} {[%emt 00:10:24]} 28.
exd4 {[%clk 00:28:16]} {[%emt 00:00:25]} Bg6 {[%clk 00:30:57]} {[%emt
00:00:56]} 29. Be5 {[%clk 00:28:21]} {[%emt 00:00:26]} Bf7 {[%clk 00:27:17]}
{[%emt 00:04:11]} 30. Rf3 {[%clk 00:27:31]} {[%emt 00:01:19]} 1-0

[Event "English Womens Championships 2024"]
[Site "Kenilworth, United Kingdom"]
[Date "2024.06.21"]
[Round "4.1"]
[White "Toma, Katarzyna"]
[Black "Mirzoeva, Elmira"]
[Result "1-0"]
[TimeControl "G:90 minutes + 30 seconds added per move"]
[WhiteFideId "1119907"]
[BlackFideId "4127951"]
[WhiteElo "2220"]
[BlackElo "2260"]

1. e4 {[%clk 01:30:57]} {[%emt 00:00:02]} c6 {[%clk 01:30:51]} {[%emt
00:00:10]} 2. d4 {[%clk 01:31:17]} {[%emt 00:00:10]} d5 {[%clk 01:31:08]}
{[%emt 00:00:13]} 3. e5 {[%clk 01:31:26]} {[%emt 00:00:20]} Bf5 {[%clk
01:31:05]} {[%emt 00:00:34]} 4. Nc3 {[%clk 01:31:42]} {[%emt 00:00:14]} e6
{[%clk 01:28:32]} {[%emt 00:03:03]} 5. g4 {[%clk 01:30:25]} {[%emt 00:01:46]}
Bg6 {[%clk 01:28:46]} {[%emt 00:00:17]} 6. Nge2 {[%clk 01:30:49]} {[%emt
00:00:06]} h6 {[%clk 01:25:33]} {[%emt 00:03:43]} 7. Nf4 {[%clk 01:25:14]}
{[%emt 00:06:05]} Bh7 {[%clk 01:25:04]} {[%emt 00:00:59]} 8. Bd3 {[%clk
01:24:34]} {[%emt 00:01:10]} Bxd3 {[%clk 01:23:54]} {[%emt 00:01:40]} 9. Qxd3
{[%clk 01:24:59]} {[%emt 00:00:05]} Ne7 {[%emt 00:03:39]} 10. Be3 {[%clk
01:22:32]} Nd7 {[%clk 01:22:32]} {[%emt 00:01:40]} 11. O-O-O {[%clk 01:19:58]}
{[%emt 00:03:04]} Qa5 {[%clk 01:19:26]} {[%emt 00:03:36]} 12. Kb1 {[%clk
01:15:58]} {[%emt 00:04:30]} O-O-O {[%clk 01:15:08]} {[%emt 00:04:48]} 13. Nh5
{[%clk 01:10:01]} {[%emt 00:06:27]} c5 {[%clk 01:08:51]} {[%emt 00:06:48]} 14.
f4 {[%clk 01:03:58]} {[%emt 00:06:33]} cxd4 {[%clk 01:00:58]} {[%emt 00:08:22]}
15. Bxd4 {[%clk 01:04:02]} {[%emt 00:00:26]} Nc6 {[%clk 01:01:09]} {[%emt
00:00:19]} 16. Ne2 {[%clk 00:57:38]} {[%emt 00:06:54]} g6 {[%clk 00:46:28]}
{[%emt 00:15:11]} 17. Nf6 {[%clk 00:57:53]} {[%emt 00:00:15]} Nxf6 {[%clk
00:46:29]} {[%emt 00:00:29]} 18. exf6 {[%clk 00:58:17]} {[%emt 00:00:06]} Qc7
{[%clk 00:39:10]} {[%emt 00:07:50]} 19. Qe3 {[%clk 00:51:02]} {[%emt 00:07:45]}
Nxd4 {[%clk 00:35:30]} {[%emt 00:04:10]} 20. Nxd4 {[%clk 00:51:23]} {[%emt
00:00:09]} Bc5 {[%clk 00:35:20]} {[%emt 00:00:40]} 21. Rhf1 {[%clk 00:49:20]}
{[%emt 00:02:33]} g5 {[%clk 00:31:53]} {[%emt 00:03:58]} 22. Qe2 {[%clk
00:38:00]} {[%emt 00:11:50]} gxf4 {[%clk 00:25:44]} {[%emt 00:06:38]} 23. Nb5
{[%clk 00:37:09]} {[%emt 00:01:21]} Qb6 {[%clk 00:24:33]} {[%emt 00:01:40]} 24.
Rxf4 {[%clk 00:35:45]} {[%emt 00:01:55]} a6 {[%clk 00:20:06]} {[%emt 00:04:58]}
25. Nd4 {[%clk 00:35:54]} {[%emt 00:00:20]} Rhe8 {[%clk 00:17:16]} {[%emt
00:03:20]} 26. Nb3 {[%clk 00:35:51]} {[%emt 00:00:33]} Bf8 {[%clk 00:17:10]}
{[%emt 00:00:36]} 27. Rfd4 {[%clk 00:27:49]} {[%emt 00:08:32]} e5 {[%clk
00:14:25]} {[%emt 00:03:16]} 28. Rxd5 {[%clk 00:28:05]} {[%emt 00:00:13]} Rxd5
{[%clk 00:14:11]} {[%emt 00:00:44]} 29. Rxd5 {[%clk 00:28:30]} {[%emt
00:00:05]} Qxf6 {[%clk 00:14:26]} {[%emt 00:00:15]} 30. Na5 {[%clk 00:25:05]}
{[%emt 00:03:55]} Rd8 {[%clk 00:11:24]} {[%emt 00:03:32]} 31. Rxd8+ {[%clk
00:24:19]} {[%emt 00:01:17]} Qxd8 {[%clk 00:11:45]} {[%emt 00:00:08]} 32. Nc4
{[%clk 00:24:39]} {[%emt 00:00:10]} Bg7 {[%clk 00:07:49]} {[%emt 00:04:26]} 33.
a4 {[%clk 00:24:00]} {[%emt 00:01:10]} Qd4 {[%clk 00:07:22]} {[%emt 00:00:56]}
34. c3 {[%clk 00:23:28]} {[%emt 00:01:02]} Qc5 {[%clk 00:07:47]} {[%emt
00:00:04]} 35. a5 {[%clk 00:22:56]} {[%emt 00:01:03]} Kb8 {[%clk 00:07:30]}
{[%emt 00:00:46]} 36. Qe4 {[%clk 00:22:22]} {[%emt 00:01:04]} Qc6 {[%clk
00:07:02]} {[%emt 00:00:58]} 37. Qd3 {[%clk 00:20:04]} {[%emt 00:02:48]} Kc7
{[%clk 00:02:20]} {[%emt 00:05:13]} 38. Nd2 {[%clk 00:17:27]} {[%emt 00:03:07]}
Bf8 {[%clk 00:01:21]} {[%emt 00:01:29]} 39. Ne4 {[%clk 00:15:25]} {[%emt
00:02:31]} Be7 {[%clk 00:01:22]} {[%emt 00:00:29]} 40. h3 {[%clk 00:15:29]}
{[%emt 00:00:27]} Qg6 {[%clk 00:01:17]} {[%emt 00:00:35]} 41. Qd5 {[%clk
00:14:18]} {[%emt 00:01:41]} Qe6 {[%clk 00:01:14]} {[%emt 00:00:33]} 42. Qxe6
{[%clk 00:13:44]} {[%emt 00:01:04]} fxe6 {[%clk 00:01:43]} {[%emt 00:00:01]} 43.
Kc2 {[%clk 00:14:02]} {[%emt 00:00:11]} Kc6 {[%clk 00:01:56]} {[%emt 00:00:18]}
44. Kd3 {[%clk 00:14:07]} {[%emt 00:00:25]} Kb5 {[%clk 00:02:10]} {[%emt
00:00:17]} 45. b4 {[%clk 00:13:59]} {[%emt 00:00:38]} Kc6 {[%clk 00:01:17]}
{[%emt 00:01:23]} 46. Kc4 {[%clk 00:13:35]} {[%emt 00:00:53]} Bh4 {[%clk
00:00:49]} {[%emt 00:00:57]} 47. Nc5 {[%clk 00:13:09]} {[%emt 00:00:57]} Be7
{[%clk 00:00:37]} {[%emt 00:00:42]} 48. Nxe6 {[%clk 00:11:42]} {[%emt
00:01:57]} Bh4 {[%clk 00:00:51]} {[%emt 00:00:16]} 49. Nc5 {[%clk 00:10:34]}
{[%emt 00:01:39]} Bf6 {[%clk 00:01:09]} {[%emt 00:00:09]} 50. Kd3 {[%clk
00:09:29]} {[%emt 00:01:37]} Bh4 {[%clk 00:01:18]} {[%emt 00:00:21]} 51. Ne4
{[%clk 00:08:29]} {[%emt 00:01:30]} Kd5 {[%clk 00:01:10]} {[%emt 00:00:38]} 52.
c4+ {[%clk 00:08:36]} {[%emt 00:00:23]} Kc6 {[%clk 00:01:38]} {[%emt 00:00:02]}
53. Nc3 {[%clk 00:08:49]} {[%emt 00:00:18]} Be1 {[%clk 00:01:02]} {[%emt
00:01:05]} 54. Nd5 {[%clk 00:08:20]} {[%emt 00:00:58]} Kd6 {[%clk 00:01:29]}
{[%emt 00:00:03]} 55. Ke3 {[%clk 00:06:58]} {[%emt 00:01:53]} Ke6 {[%clk
00:01:02]} {[%emt 00:00:57]} 56. Ke4 {[%clk 00:06:37]} {[%emt 00:00:50]} Bf2
{[%clk 00:00:39]} {[%emt 00:00:53]} 57. b5 {[%clk 00:05:09]} {[%emt 00:01:59]}
Be1 {[%clk 00:00:42]} {[%emt 00:00:27]} 58. bxa6 {[%clk 00:04:59]} {[%emt
00:00:40]} bxa6 {[%clk 00:01:11]} 59. Nc7+ {[%clk 00:05:22]} {[%emt 00:00:07]}
Kd6 {[%clk 00:01:11]} {[%emt 00:00:29]} 60. Nxa6 {[%clk 00:05:46]} {[%emt
00:00:07]} Bxa5 {[%clk 00:01:38]} {[%emt 00:00:03]} 61. h4 {[%clk 00:05:17]}
{[%emt 00:00:58]} Bd8 {[%clk 00:01:36]} {[%emt 00:00:32]} 62. h5 {[%clk
00:04:51]} {[%emt 00:00:57]} Bg5 {[%clk 00:01:43]} {[%emt 00:00:20]} 63. c5+
{[%clk 00:04:56]} {[%emt 00:00:27]} Kc6 {[%clk 00:00:41]} {[%emt 00:01:33]} 64.
Kxe5 {[%clk 00:04:31]} {[%emt 00:00:55]} Kb5 {[%clk 00:01:09]} {[%emt
00:00:02]} 65. Nc7+ {[%clk 00:04:33]} {[%emt 00:00:28]} Kc6 {[%clk 00:01:30]}
{[%emt 00:00:10]} 66. Ne6 {[%clk 00:04:54]} {[%emt 00:00:08]} Be7 {[%clk
00:01:53]} {[%emt 00:00:07]} 67. Kf5 {[%clk 00:04:54]} {[%emt 00:00:30]} Kd5
{[%clk 00:02:20]} {[%emt 00:00:03]} 68. g5 {[%clk 00:04:51]} {[%emt 00:00:33]}
hxg5 {[%clk 00:02:23]} {[%emt 00:00:27]} 69. h6 {[%clk 00:05:01]} {[%emt
00:00:19]} g4 {[%clk 00:02:46]} {[%emt 00:00:08]} 70. h7 {[%clk 00:05:25]}
{[%emt 00:00:06]} Bf8 {[%emt 00:00:18]} 71. Ke4+ 1-0

[Event "English Womens Championships 2024"]
[Site "Kenilworth, United Kingdom"]
[Date "2024.06.21"]
[Round "4.2"]
[White "Hunt, Harriet V"]
[Black "Hryshchenko, Kamila"]
[Result "1/2-1/2"]
[TimeControl "G:90 minutes + 30 seconds added per move"]
[WhiteFideId "403512"]
[BlackFideId "14147491"]
[WhiteElo "2313"]
[BlackElo "2161"]

1. e4 {[%clk 01:30:57]} {[%emt 00:00:03]} d6 {[%clk 01:29:02]} {[%emt
00:02:27]} 2. d4 {[%clk 01:31:11]} {[%emt 00:00:17]} g6 {[%clk 01:29:25]}
{[%emt 00:00:07]} 3. Nc3 {[%clk 01:31:20]} {[%emt 00:00:20]} Bg7 {[%clk
01:29:24]} {[%emt 00:00:31]} 4. Be3 {[%clk 01:31:32]} {[%emt 00:00:18]} a6
{[%clk 01:29:45]} {[%emt 00:00:10]} 5. h4 {[%clk 01:31:27]} {[%emt 00:00:35]}
h5 {[%clk 01:29:56]} {[%emt 00:00:18]} 6. f4 {[%clk 01:25:44]} {[%emt
00:06:13]} Nf6 {[%clk 01:27:58]} {[%emt 00:02:29]} 7. Nf3 {[%clk 01:24:42]}
{[%emt 00:01:32]} b5 {[%clk 01:27:03]} {[%emt 00:01:24]} 8. Bd3 {[%clk
01:23:15]} {[%emt 00:01:57]} Bb7 {[%clk 01:25:47]} {[%emt 00:01:46]} 9. Ng5
{[%clk 01:19:44]} {[%emt 00:04:01]} Ng4 {[%clk 01:22:04]} {[%emt 00:04:13]} 10.
Bg1 {[%clk 01:17:33]} {[%emt 00:02:41]} e5 {[%clk 01:19:00]} {[%emt 00:03:33]}
11. fxe5 {[%clk 01:09:26]} {[%emt 00:08:38]} dxe5 {[%clk 01:19:16]} {[%emt
00:00:14]} 12. d5 {[%clk 01:08:43]} {[%emt 00:01:13]} Bh6 {[%clk 01:18:12]}
{[%emt 00:01:34]} 13. Nf3 {[%clk 01:08:49]} {[%emt 00:00:25]} Nd7 {[%clk
01:17:08]} {[%emt 00:01:33]} 14. Qe2 {[%clk 01:07:54]} {[%emt 00:01:26]} O-O
{[%clk 01:13:36]} {[%emt 00:04:01]} 15. Nd2 {[%clk 01:05:39]} {[%emt 00:02:45]}
c6 {[%clk 01:06:43]} {[%emt 00:07:23]} 16. dxc6 {[%clk 01:03:52]} {[%emt
00:02:18]} Bxc6 {[%clk 01:07:05]} {[%emt 00:00:07]} 17. O-O-O {[%clk 01:02:27]}
{[%emt 00:01:55]} b4 {[%clk 01:01:01]} {[%emt 00:06:34]} 18. Nd5 {[%clk
01:01:43]} {[%emt 00:01:14]} Bxd5 {[%clk 01:00:52]} {[%emt 00:00:39]} 19. exd5
{[%clk 01:02:07]} {[%emt 00:00:06]} Ndf6 {[%clk 01:00:51]} {[%emt 00:00:30]} 20.
Bc4 {[%clk 01:01:09]} {[%emt 00:01:29]} Nxd5 {[%clk 01:00:23]} {[%emt
00:00:58]} 21. Bc5 {[%clk 00:52:46]} {[%emt 00:08:53]} Nc3 {[%clk 00:57:40]}
{[%emt 00:03:13]} 22. bxc3 {[%clk 00:50:19]} {[%emt 00:02:57]} bxc3 {[%clk
00:57:51]} {[%emt 00:00:18]} 23. Kb1 {[%clk 00:49:55]} {[%emt 00:00:54]} cxd2
{[%clk 00:56:15]} {[%emt 00:02:06]} 24. Rhf1 {[%clk 00:48:36]} {[%emt
00:01:50]} Qa5 {[%clk 00:53:42]} {[%emt 00:03:03]} 25. Bxf8 {[%clk 00:47:58]}
{[%emt 00:01:07]} Rxf8 {[%clk 00:53:14]} {[%emt 00:00:59]} 26. Rf3 {[%clk
00:47:11]} {[%emt 00:01:17]} Qb6+ {[%clk 00:48:05]} {[%emt 00:05:39]} 27. Bb3
{[%clk 00:43:27]} {[%emt 00:04:14]} Be3 {[%clk 00:21:18]} {[%emt 00:27:16]} 28.
Qc4 {[%clk 00:33:28]} {[%emt 00:10:29]} Qb7 {[%clk 00:04:39]} {[%emt 00:17:09]}
29. Qe2 {[%clk 00:29:39]} {[%emt 00:04:19]} Qb6 {[%clk 00:04:20]} {[%emt
00:00:50]} 30. Qc4 {[%clk 00:29:54]} {[%emt 00:00:14]} Qb7 {[%clk 00:04:45]}
{[%emt 00:00:06]} 31. Qe2 {[%clk 00:30:09]} {[%emt 00:00:14]} Qb6 {[%clk
00:04:57]} {[%emt 00:00:19]} 1/2-1/2